You@ Game Changer Inclusive Growth/ (Record no. 212395)

MARC details
000 -LEADER
fixed length control field 00577nam a22001937a 4500
005 - DATE AND TIME OF LATEST TRANSACTION
control field 20250716121807.0
010 ## - LCCN (DPL NO)
LC control number ENG-145999
020 ## - INTERNATIONAL STANDARD BOOK NUMBER
International Standard Book Number 9789388338226
Terms of availability 350.00
035 ## - SYSTEM CONTROL NUMBER
System control number EN-129531
037 ## - SOURCE OF ACQUISITION
Source of stock number/acquisition DBAD
082 ## - DEWEY DECIMAL CLASSIFICATION NUMBER
Edition number 1
Classification number 158.1
100 ## - MAIN ENTRY--PERSONAL NAME
Personal name Sharma, Aruna
245 ## - TITLE STATEMENT
Title You@ Game Changer Inclusive Growth/
Statement of responsibility, etc Aruna Sharma
250 ## - EDITION STATEMENT
Edition statement 1
260 ## - PUBLICATION, DISTRIBUTION, ETC. (IMPRINT)
Place of publication, distribution, etc Bhopal
Name of publisher, distributor, etc Indra Publishing House
Date of publication, distribution, etc 2019
270 ## - ADDRESS
Address E-5/21, Arera Colony,Habibganj Police Station
City Bhopal
Postal code 462016
Telephone number 7554059620
300 ## - PHYSICAL DESCRIPTION
Extent 142p.
Dimensions 21cm(Pb)
942 ## - ADDED ENTRY ELEMENTS (KOHA)
Source of classification or shelving scheme Dewey Decimal Classification
Item type English Books
Call number suffix SHA
Classification part 158.1
Holdings
Withdrawn status Lost status Not for loan Collection code Home library Current library Date acquired Source of acquisition Cost, normal purchase price Full call number Barcode Copy number Cost, replacement price Koha item type
      Non-fiction Sarojini Nagar Sarojini Nagar 16/07/2025 Delivery of Books Act Division 350.00 SHA 158.1 EN-129531 1 350.00 English Books

© Delhi Public Library
Hit Counter
free hit counter